Рекомендации по структуре, содержанию и изложению требований технических регламентов: Р 50-601-47-2004

Dades bibliogràfiques
Autor corporatiu: Всероссийский научно-исследовательский институт сертификации (ВНИИС)
Sumari:Настоящие рекомендации включают в себя предложения по структуре, содержанию и изложению проектов технических регламентов на продукцию, разрабатываемых на основании Федерального закона «О техническом регулировании», и учитывают международный опыт технического регулирования (принципы Нового и Глобального подходов, рекомендации ЕЭК ООН по вопросам гармонизации). Рекомендации предназначены в первую очередь для разработчиков технических регламентов, специалистов в области стандартизации и подтверждения соответствия.
Idioma:rus
Publicat: Москва, ВНИИС, 2004
Matèries:
Format: MixedMaterials Llibre
KOHA link:https://koha.lib.tpu.ru/cgi-bin/koha/opac-detail.pl?biblionumber=107728

MARC

LEADER 00000nam0a2200000 4500
001 107728
005 20231031115407.0
029 1 0 |a RU  |b 50-601-47-2004  |c Р 
035 |a (RuTPU)RU\TPU\book\116294 
090 |a 107728 
100 |a 20061228d2004 k y0rusy50 ca 
101 0 |a rus 
102 |a RU 
105 |a y l 001zy 
200 1 |a Рекомендации по структуре, содержанию и изложению требований технических регламентов  |e Р 50-601-47-2004  |f Всероссийский научно-исследовательский институт сертификации (ВНИИС) 
210 |a Москва  |c ВНИИС  |d 2004 
215 |a 55 с.  |c ил. 
320 |a Библиогр.: с. 55. 
330 |a Настоящие рекомендации включают в себя предложения по структуре, содержанию и изложению проектов технических регламентов на продукцию, разрабатываемых на основании Федерального закона «О техническом регулировании», и учитывают международный опыт технического регулирования (принципы Нового и Глобального подходов, рекомендации ЕЭК ООН по вопросам гармонизации). Рекомендации предназначены в первую очередь для разработчиков технических регламентов, специалистов в области стандартизации и подтверждения соответствия. 
610 1 |a стандартизация 
610 1 |a технические регламенты 
610 1 |a Российская Федерация 
610 1 |a применение 
610 1 |a понятия 
610 1 |a продукция 
610 1 |a государственный контроль 
610 1 |a государственный надзор 
610 1 |a рекомендации 
610 1 |a Р 50-601-47-2004 
675 |a 658.516(083)  |v 3 
712 0 2 |a Всероссийский научно-исследовательский институт сертификации (ВНИИС)  |c (Москва)  |2 stltpush  |3 (RuTPU)RU\TPU\col\35 
801 1 |a RU  |b 63413507  |c 20061228  |g PSBO 
801 2 |a RU  |b 63413507  |c 20221206  |g PSBO 
942 |c BK 
959 |a 116/20061226  |d 1  |e 420,00  |f ЧЗКДП:1